| 000 | 01016nam a22002657a 4500 | ||
|---|---|---|---|
| 005 | 2011080406576.0 | ||
| 008 | 090728t xxu||||| |||| 00| 0 pun d | ||
| 010 | _aPUN-7037 | ||
| 020 | _c200.00 | ||
| 035 | _aPN-6155 | ||
| 037 | _bDBAD / PUB | ||
| 040 |
_adpl _bpn |
||
| 082 | _a260 | ||
| 100 |
_924414 _aਆਜ਼ਾਦ ਜਲੰਧਰੀ |
||
| 245 |
_aਸੱਚੀ ਪ੍ਰੀਤਿ / _cਆਜ਼ਾਦ ਜਲੰਧਰੀ ਤੇ ਜੰਗ ਸਿੰਘ ਗਿਆਨੀ |
||
| 246 |
_aSachi preet _bby Azad Jalandgari |
||
| 260 |
_aLudhiana _bPunjabi Writers Coopretive Society _c2005 |
||
| 270 |
_a345-A, Model Town Extn. _bLudhiana |
||
| 300 | 4 |
_a224ਸਫੇ. _c24ਸੇਂਮੀ (ਸਜਿਲੱਦ) |
|
| 600 | _931401 | ||
| 650 | _924431 | ||
| 700 |
_933297 _aਜੰਗ ਸਿੰਘ ਗਿਆਨੀ |
||
| 942 |
_2ddc _cPN _h260 _mਆਜ਼ਾਦ |
||
| 999 |
_c55974 _d55974 |
||